| 000 | 00392nam a22001217a 4500 | ||
|---|---|---|---|
| 008 | 230602b xxu||||| |||| 00| 0 eng d | ||
| 082 |
_a303.62 _bKOR |
||
| 100 |
_cBishop Cornelius Korir _qBishop Cornelius Korir Catholic Diocese of Eldoret |
||
| 245 |
_aAmani Mashinani _bPeace at the Grassroots |
||
| 260 |
_aEldoret, Kenya _bCatholic Diocese of Eldoret _c2009 |
||
| 300 | _aIV, 69p | ||
| 942 |
_2ddc _cBK |
||
| 999 |
_c43 _d43 |
||